000 00901nam a2200265Ia 4500
003 OSt
005 20220923213032.0
006 a|||||r|||| 00| 0
007 ta
008 220922b |||||||| |||| 00| 0 hin d
020 _c25
024 _a158,489
037 _cTextual
040 _aARTS
_cARTS
_bhin
041 _2hin
_ahin
082 _aO152,1(/\25):g, K9
100 _aमिश्र, रमेश चन्द्र
245 0 _aहिन्दी संतो का उलटवासी साहित्य
246 _aHindī santo kā ulaṭavāsī sāhitya
260 _aदिल्ली
_b आर्य बुक डिपो
_c1978
300 _a300 पृ.
_ccm.
650 _aहिन्दी साहित्य
_9156264
942 _hO152,1(/\25):g, K9
_cTEXL
_2CC
999 _c313288
_d313288